[Event "Rustavi 10"]
[Site "Rustavi"]
[Date "2014.10.26"]
[Round "7"]
[White "Sevdimaliyev, Urfan"]
[Black "Rukhaia, Kartlos"]
[Result "1-0"]
[WhiteElo "2479"]
[BlackElo "2405"]
[PlyCount "77"]
[EventDate "2014.10.20"]
[EventType "tourn"]
[EventRounds "9"]
[EventCountry "GEO"]
[EventCategory "8"]
[SourceTitle "EXT 2016"]
[Source "ChessBase"]
[SourceDate "2015.10.08"]
[SourceVersion "1"]
[SourceVersionDate "2015.10.08"]
[SourceQuality "1"]

1. d4 c5 2. d5 Nf6 3. c4 b5 4. cxb5 a6 5. bxa6 g6 6. Nc3 Bxa6 7. Nf3 d6 8. e4 Bxf1 9. Kxf1 Bg7 10. g3 0-0 11. Kg2 Nbd7 12. Re1 Qa5 13. h3 Rfb8 14. e5 dxe5 15. Nxe5 Nxe5 16. Rxe5 Rb7 17. Qe2 Raa7 18. Qc2 Qd8 19. a4 Nd7 20. Re1 Nb6 21. Qe4 Rd7 22. Be3 Bxc3 23. bxc3 Rxd5 24. c4 Rdd7 25. Bxc5 Qc7 26. Bxb6 Qxb6 27. Reb1 Qf6 28. a5 Rd4 29. Qe3 Rdd7 30. Kh2 Ra8 31. Ra2 Qc6 32. c5 Rc7 33. Rb6 Qxc5 34. Qxc5 Rxc5 35. a6 Kg7 36. Rb7 Rcc8 37. a7 Kf8 38. Rab2 f5 39. Rb8 1-0

[Event "Rustavi 10"]
[Site "Rustavi"]
[Date "2014.10.21"]
[Round "2"]
[White "Rukhaia, Kartlos"]
[Black "Shalamberidze, Akaki"]
[Result "1/2-1/2"]
[WhiteElo "2405"]
[BlackElo "2402"]
[PlyCount "42"]
[EventDate "2014.10.20"]
[EventType "tourn"]
[EventRounds "9"]
[EventCountry "GEO"]
[EventCategory "8"]
[SourceTitle "EXT 2016"]
[Source "ChessBase"]
[SourceDate "2015.10.08"]
[SourceVersion "1"]
[SourceVersionDate "2015.10.08"]
[SourceQuality "1"]

1. e4 e5 2. Nf3 Nf6 3. Nxe5 d6 4. Nf3 Nxe4 5. Qe2 Qe7 6. d3 Nf6 7. Bg5 Qxe2+ 8. Bxe2 Be7 9. Nc3 0-0 10. 0-0 h6 11. Bh4 Re8 12. Rfe1 c6 13. h3 Na6 14. Nd4 Nc7 15. Bf3 Bd7 16. Re2 g5 17. Bg3 Bf8 18. Rae1 Rxe2 19. Rxe2 Re8 20. Rxe8 Nfxe8 21. Bg4 Ne6 1/2-1/2

[Event "Rustavi 10"]
[Site "Rustavi"]
[Date "2014.10.20"]
[Round "1"]
[White "Yagubi, Asif"]
[Black "Rukhaia, Kartlos"]
[Result "1-0"]
[WhiteElo "2434"]
[BlackElo "2405"]
[PlyCount "123"]
[EventDate "2014.10.20"]
[EventType "tourn"]
[EventRounds "9"]
[EventCountry "GEO"]
[EventCategory "8"]
[SourceTitle "EXT 2016"]
[Source "ChessBase"]
[SourceDate "2015.10.08"]
[SourceVersion "1"]
[SourceVersionDate "2015.10.08"]
[SourceQuality "1"]

1. e4 e5 2. Nf3 Nf6 3. Nxe5 d6 4. Nf3 Nxe4 5. d4 d5 6. Bd3 Nc6 7. 0-0 Be7 8. c4 Nf6 9. Nc3 0-0 10. cxd5 Nb4 11. Bc4 Nbxd5 12. Bg5 Be6 13. Qb3 c6 14. Rfe1 Qb6 15. Nxd5 cxd5 16. Qxb6 axb6 17. Bd3 h6 18. Bf4 Rac8 19. Rac1 Nd7 20. Bg3 g5 21. h3 Kg7 22. Bc7 Bc5 23. dxc5 Rxc7 24. cxb6 Rxc1 25. Rxc1 Nxb6 26. Rc7 Rb8 27. b3 Kf6 28. Kf1 Nd7 29. Ke2 h5 30. Nd4 Ne5 31. Ke3 b6 32. Be2 h4 33. a4 Bd7 34. f4 gxf4+ 35. Kxf4 Ng6+ 36. Ke3 Ne5 37. Nf3 Nxf3 38. Bxf3 Be6 39. Kd4 Kg5 40. Be2 Re8 41. Bb5 Rg8 42. Rc2 Kf6 43. b4 Rb8 44. Rb2 Ra8 45. Ra2 Rb8 46. Be2 Rg8 47. Bd3 Bd7 48. a5 bxa5 49. bxa5 Ke6 50. a6 Kd6 51. Rb2 Bc6 52. Rb6 Kc7 53. Kc5 Ba8 54. Rf6 Rg7 55. Rf4 Bc6 56. Rxh4 Rxg2 57. Rf4 Be8 58. Rb4 Rf2 59. Rb7+ Kc8 60. h4 Bd7 61. h5 Rh2 62. Kd6 1-0

[Event "Rustavi 06"]
[Site "Rustavi"]
[Date "2014.07.07"]
[Round "8"]
[White "Rukhaia, Kartlos"]
[Black "Sanikidze, Tornike"]
[Result "1/2-1/2"]
[WhiteElo "2404"]
[BlackElo "2514"]
[PlyCount "34"]
[EventDate "2014.06.30"]
[EventType "tourn"]
[EventRounds "9"]
[EventCountry "GEO"]
[EventCategory "6"]
[SourceTitle "EXT 2016"]
[Source "ChessBase"]
[SourceDate "2015.10.08"]
[SourceVersion "1"]
[SourceVersionDate "2015.10.08"]
[SourceQuality "1"]

1. e4 e5 2. Nf3 Nc6 3. Bb5 Nf6 4. 0-0 Nxe4 5. d4 Nd6 6. Bxc6 dxc6 7. dxe5 Nf5 8. Qxd8+ Kxd8 9. Nc3 Ke8 10. h3 Be7 11. Bg5 h5 12. Rad1 Be6 13. Rd2 Rd8 14. Rxd8+ Kxd8 15. Rd1+ Ke8 16. g3 Bxg5 17. Nxg5 Ke7 1/2-1/2

[Event "Rustavi 06"]
[Site "Rustavi"]
[Date "2014.07.03"]
[Round "4"]
[White "Rukhaia, Kartlos"]
[Black "Shalamberidze, Akaki"]
[Result "1/2-1/2"]
[WhiteElo "2404"]
[BlackElo "2406"]
[PlyCount "34"]
[EventDate "2014.06.30"]
[EventType "tourn"]
[EventRounds "9"]
[EventCountry "GEO"]
[EventCategory "6"]
[SourceTitle "EXT 2016"]
[Source "ChessBase"]
[SourceDate "2015.10.08"]
[SourceVersion "1"]
[SourceVersionDate "2015.10.08"]
[SourceQuality "1"]

1. e4 c5 2. Nf3 e6 3. d4 cxd4 4. Nxd4 a6 5. Bd3 g6 6. 0-0 Bg7 7. Be3 d6 8. c4 Nc6 9. Nxc6 bxc6 10. Qd2 Nf6 11. Nc3 0-0 12. Bh6 e5 13. Bxg7 Kxg7 14. Be2 Qe7 15. Rfd1 Rd8 16. b4 Be6 17. a4 d5 1/2-1/2

[Event "Yerevan Petrosian Memorial op"]
[Site "Yerevan"]
[Date "2004.11.22"]
[Round "4"]
[White "Rukhaia, Kartlos"]
[Black "Skatchkov, Pavel"]
[Result "1/2-1/2"]
[WhiteElo "2342"]
[BlackElo "2516"]
[PlyCount "239"]
[EventDate "2004.11.18"]
[EventType "swiss"]
[EventRounds "9"]
[EventCountry "ARM"]
[SourceTitle "CBM 103 Extra"]
[Source "ChessBase"]
[SourceDate "2005.01.01"]
[SourceVersion "1"]
[SourceVersionDate "2005.01.01"]
[SourceQuality "1"]

1. e4 e5 2. Nf3 d5 3. exd5 e4 4. Qe2 Nf6 5. d3 Qxd5 6. Nfd2 Nc6 7. Nc3 Qa5 8. Nb3 Qb4 9. Bd2 Be6 10. Nxe4 Qa4 11. Nc3 Qa6 12. d4 Qxe2+ 13. Nxe2 Ne4 14. c3 0-0-0 15. Be3 f5 16. 0-0-0 Bf7 17. Ng3 Nd6 18. Bd3 g6 19. Rhe1 Be7 20. Bf4 Bf6 21. Kb1 Rhe8 22. Nd2 h5 23. Ngf1 Bd5 24. f3 Bf7 25. Ne3 a6 26. Nec4 Nxc4 27. Bxc4 Bxc4 28. Nxc4 b5 29. Nd2 g5 30. Be3 Ne7 31. Nb3 Nd5 32. Bc1 g4 33. Nc5 Rg8 34. f4 a5 35. Re6 Be7 36. Rde1 Bd6 37. Nd3 a4 38. Kc2 h4 39. Bd2 h3 40. g3 Rgf8 41. b3 axb3+ 42. axb3 Nf6 43. Nf2 Kd7 44. c4 bxc4 45. bxc4 Ra8 46. c5 Ra2+ 47. Kd3 Ra3+ 48. Kc2 Ra2+ 49. Kd3 Ra3+ 50. Kc2 Rf3 51. cxd6 Rxf2 52. Re7+ Kxd6 53. R1e6+ Kd5 54. Kd3 Rf3+ 55. Be3 Ne4 56. Ra6 c6 57. Ra5+ Kd6 58. Rae5 Rf6 59. Ra7 Re6 60. Rf7 c5 61. dxc5+ Nxc5+ 62. Ke2 Rxe5 63. fxe5+ Ke6 64. Rh7 Ne4 65. Rc7 Kxe5 66. Bf4+ Ke6 67. Rc6+ Kd5 68. Ra6 Rf2+ 69. Ke3 Rxh2 70. Ra5+ Nc5 71. Ra1 Rc2 72. Rd1+ Ke6 73. Rd6+ Ke7 74. Rh6 Ne6 75. Be5 Rc4 76. Rh7+ Ke8 77. Bf6 Re4+ 78. Kf2 f4 79. gxf4 Rxf4+ 80. Kg3 Rxf6 81. Kxg4 Nf4 82. Kg3 Kf8 83. Kh2 Kg8 84. Ra7 Rg6 85. Ra4 Rg2+ 86. Kh1 Rf2 87. Kg1 Rf3 88. Ra7 Rg3+ 89. Kh2 Rg2+ 90. Kh1 Rg7 91. Ra4 Rf7 92. Kh2 Kg7 93. Ra6 Rf6 94. Ra7+ Kg6 95. Ra8 Kg5 96. Rb8 Kg4 97. Rg8+ Rg6 98. Ra8 Rb6 99. Rg8+ Kh4 100. Ra8 Rb2+ 101. Kh1 Rf2 102. Kg1 Rg2+ 103. Kh1 Nh5 104. Ra4+ Rg4 105. Ra8 Ng3+ 106. Kh2 Nf1+ 107. Kh1 Ng3+ 108. Kh2 Re4 109. Rh8+ Nh5 110. Rg8 Rg4 111. Rh8 Rg2+ 112. Kh1 Rb2 113. Kg1 h2+ 114. Kh1 Kg3 115. Rb8 Rf2 116. Rb3+ Kg4 117. Ra3 Nf4 118. Rg3+ Kf5 119. Rg5+ Ke4 120. Re5+ 1/2-1/2

[Event "Yerevan Petrosian Memorial op"]
[Site "Yerevan"]
[Date "2004.11.21"]
[Round "3"]
[White "Rukhaia, Kartlos"]
[Black "Sulskis, Sarunas"]
[Result "1/2-1/2"]
[WhiteElo "2342"]
[BlackElo "2555"]
[PlyCount "82"]
[EventDate "2004.11.18"]
[EventType "swiss"]
[EventRounds "9"]
[EventCountry "ARM"]
[SourceTitle "CBM 103 Extra"]
[Source "ChessBase"]
[SourceDate "2005.01.01"]
[SourceVersion "1"]
[SourceVersionDate "2005.01.01"]
[SourceQuality "1"]

1. e4 c5 2. Nf3 e6 3. d4 cxd4 4. Nxd4 Nf6 5. Nc3 Bb4 6. e5 Nd5 7. Bd2 Nxc3 8. bxc3 Be7 9. Qg4 0-0 10. Bh6 g6 11. Bxf8 Bxf8 12. Qg3 d6 13. Rd1 Nd7 14. exd6 Nf6 15. Be2 Bd7 16. 0-0 Ne4 17. Qf3 Nxd6 18. Bb5 Rc8 19. Rfe1 a6 20. Bxd7 Qxd7 21. Rd3 Qa4 22. h4 Re8 23. Qf4 Qxa2 24. Nf3 Qc4 25. Qxc4 Nxc4 26. Rd7 a5 27. Rxb7 a4 28. Ra7 a3 29. Ne5 Rc8 30. Nd3 Nb6 31. Rb1 Nd5 32. c4 Nc3 33. Rbb7 Rxc4 34. Ra8 a2 35. Nc1 Rxh4 36. Nxa2 Ne2+ 37. Kf1 Nf4 38. Kg1 Ne2+ 39. Kf1 Nf4 40. Kg1 Ne2+ 41. Kf1 Nf4 1/2-1/2

[Event "Izmir op"]
[Site "Izmir"]
[Date "2003.08.27"]
[Round "3"]
[White "Rukhaia, Kartlos"]
[Black "De Vreugt, Dennis"]
[Result "1/2-1/2"]
[WhiteElo "2204"]
[BlackElo "2459"]
[PlyCount "43"]
[EventDate "2003.08.25"]
[EventType "swiss"]
[EventRounds "9"]
[EventCountry "TUR"]
[SourceTitle "EXT 2004"]
[Source "ChessBase"]
[SourceDate "2003.11.25"]
[SourceVersion "1"]
[SourceVersionDate "2003.11.25"]
[SourceQuality "1"]

1. g3 d5 2. Bg2 e5 3. c4 d4 4. d3 Nc6 5. Nf3 Bb4+ 6. Bd2 a5 7. 0-0 Nf6 8. Na3 0-0 9. Nc2 Re8 10. Nxb4 axb4 11. Ne1 Qd6 12. Nc2 h6 13. f3 Bd7 14. Qe1 Ra7 15. Nxb4 Nxb4 16. Bxb4 c5 17. Bd2 b5 18. cxb5 Bxb5 19. Qc1 Nd5 20. Qc2 Nb4 21. Bxb4 cxb4 22. Qd1 1/2-1/2

[Event "GEO-ch U20"]
[Site "Tbilisi"]
[Date "2002.03.22"]
[Round "4"]
[White "Rukhaia, Kartlos"]
[Black "Gaprindashvili, Valeriane"]
[Result "0-1"]
[WhiteElo "2194"]
[BlackElo "2472"]
[PlyCount "58"]
[EventDate "2002.03.??"]
[EventType "swiss"]
[EventRounds "9"]
[EventCountry "GEO"]
[SourceTitle "EXT 2004"]
[Source "ChessBase"]
[SourceDate "2003.11.25"]
[SourceVersion "1"]
[SourceVersionDate "2003.11.25"]
[SourceQuality "1"]

1. e4 e6 2. c4 d5 3. exd5 exd5 4. cxd5 Nf6 5. Nc3 Be7 6. Bc4 0-0 7. Nge2 Nbd7 8. d3 Nb6 9. Qb3 a5 10. a4 Bd6 11. h3 Nfd7 12. Ne4 Bb4+ 13. N2c3 Nxc4 14. dxc4 f5 15. Ng3 Nc5 16. Qd1 f4 17. Nh5 Qh4 18. Nxf4 Rxf4 19. Bxf4 Qxf4 20. 0-0 Bf5 21. Ne2 Qxc4 22. Rc1 Qa6 23. Nf4 Nd3 24. Nxd3 Bxd3 25. Rxc7 Bxf1 26. Qxf1 Qxf1+ 27. Kxf1 Rd8 28. Rxb7 Rxd5 29. b3 Rd3 0-1

[Event "Batumi op"]
[Site "Batumi"]
[Date "2001.07.04"]
[Round "8"]
[White "Sahakyan, Nona"]
[Black "Rukhaia, Kartlos"]
[Result "1/2-1/2"]
[WhiteElo "2100"]
[BlackElo "2191"]
[PlyCount "126"]
[EventDate "2001.06.26"]
[EventType "swiss"]
[EventRounds "9"]
[EventCountry "GEO"]
[SourceTitle "EXT 2002"]
[Source "ChessBase"]
[SourceDate "2001.11.25"]
[SourceVersion "1"]
[SourceVersionDate "2001.11.25"]
[SourceQuality "1"]

1. e4 d6 2. d4 Nf6 3. Nc3 g6 4. Nf3 Bg7 5. Be2 0-0 6. 0-0 e6 7. h3 Nc6 8. Be3 h6 9. Qd2 Kh7 10. Rad1 Ne7 11. Nh2 b6 12. f4 Nd7 13. Bd3 f5 14. Bf2 a6 15. Rfe1 Bb7 16. Bc4 d5 17. exd5 exd5 18. Bf1 Nf6 19. Nf3 Qd6 20. Ne5 c5 21. Qe3 cxd4 22. Qxd4 b5 23. Qc5 Qxc5 24. Bxc5 Rfe8 25. Nf7 Nc8 26. Rxe8 Nxe8 27. Nd8 Ncd6 28. Nxb7 Nxb7 29. Bd4 Bxd4+ 30. Rxd4 Nc7 31. Nxd5 Ne6 32. Rd1 Rc8 33. c3 Kg7 34. Kf2 Nbc5 35. Kf3 Na4 36. Rd2 Rd8 37. c4 Nc7 38. Rc2 Nxd5 39. cxd5 Rxd5 40. Rc7+ Kf6 41. Rc6+ Kg7 42. Rxa6 Nxb2 43. Ra5 Nd3 44. Ke3 Nb4 45. Bxb5 Nc6 46. Ra6 Rxb5 47. Rxc6 Ra5 48. Rc2 Ra4 49. Rf2 Kf6 50. Kd3 g5 51. fxg5+ hxg5 52. Re2 g4 53. hxg4 fxg4 54. Kc3 Kg5 55. Kb3 Ra8 56. a4 Kh4 57. Ra2 Kg3 58. Kb4 Kh2 59. a5 g3 60. Kb5 Rf8 61. a6 Rf2 62. Ra3 Kxg2 63. a7 Rf8 1/2-1/2